000 00407nam a2200181Ia 4500
005 20250603144447.0
008 250603s9999 xx 000 0 und d
020 _a0-13-172340-5
050 _aR 86.7 .A343/
245 0 _aAdvanced medical life support
250 _a3rd ed.
260 _aNew Jersey
260 _bPearson
260 _c2007
300 _a540 p
650 _aNew Jersey
942 _cBK
999 _c38986
_d38986